000 00865nam a22001937a 4500
001 10036
003 FISKH
005 20260401101600.0
008 260331b cb ||||| |||| 00| 0 eng d
020 _a9787552547443
040 _aFISKH
_bchi
_cFISKH
_dFISKH
082 _a155.4
100 _a欣金星文化 编
245 _a《儿童情绪管理与性格培养绘本(全10册)》:
_c欣金星文化 编
_bDad , I am the best /
300 _a31 pages :
_bcolor illustrations ;
_c22 cm .
520 _a这是一套关于儿童情绪管理与品格培养的绘本,共10册。通过简单有趣的故事,帮助孩子学会控制情绪、培养良好习惯,并提升人际交往能力。内容涵盖礼貌、勇敢、分享、责任感等主题,同时配有中英双语阅读和音频,适合早期教育。
942 _2ddc
_cBOOK
_n0
999 _c10036
_d10036